000 00429nam a2200181Ia 4500
008 230711s9999||||xx |||||||||||||| ||und||
020 _a978-1-4165-0266-1
041 _aENG
082 _a800
_bBU-F
100 _aBuckingham,Marcus
245 0 _aFirst break all the rules
250 _a1st . Ed.
260 _c1999
_aNew Delhi
_bPocket Books
300 _a297
650 _aLiterature
700 _aCoffman,Curt
942 _cBK
999 _c5288
_d5288